SensCritique : Top 111 Films - Statistiques

Statistiques générales
  • Ce quiz a été pris 65 fois
  • Le résultat moyen est 40 sur 111
Statistiques - réponses
Hint Réponse % Correct
8 Coppola Le Parrain
93%
7 Leone Il était une fois dans l'Ouest
85%
4 Leone Le Bon, la Brute et le Truand
85%
12 Miyazaki Le Voyage de Chihiro
85%
48 Lang M le maudit
83%
13 Miyazaki Princesse Mononoké
83%
26 Hitchcock Psychose
83%
23 Tarantino Pulp Fiction
83%
24 Chaplin Le Dictateur
78%
21 Coppola Le Parrain : 2e partie
78%
29 Scorsese Les Affranchis
78%
37 Chaplin Les Temps modernes
78%
22 Coppola Apocalypse Now
76%
51 Fincher Fight Club
76%
78 Fincher Seven
76%
9 Leone Il était une fois en Amérique
74%
47 Hitchcock Fenêtre sur cour
67%
6 Kurosawa Les Sept Samouraïs
67%
20 Bong Parasite
67%
67 Kubrick Shining
67%
95 Chazelle Whiplash
67%
1 Lumet 12 hommes en colère
65%
109 Friedkin 12 hommes en colère
65%
75 Spielberg La Liste de Schindler
65%
80 Hitchcock Sueurs froides
63%
66 Scott Alien, le huitième passager
61%
79 Darabont Les Évadés
59%
3 Scott Blade Runner (Final Cut)
57%
17 Forman Vol au-dessus d'un nid de coucou
56%
90 Lynch Elephant Man
54%
63 Jackson Le Seigneur des anneaux : Le Retour du roi
54%
39 Chaplin Les Lumières de la ville
54%
57 Chaplin Le Kid
52%
105 Kurosawa Ran
50%
52 Kubrick Barry Lyndon
48%
2 Kobayashi Harakiri
46%
45 Kubrick Les Sentiers de la gloire
46%
49 Lang Metropolis
46%
25 Cimino Voyage au bout de l'enfer
46%
38 Capra La vie est belle
44%
34 Takahata Le Tombeau des lucioles
44%
53 Bong Memories of Murder
44%
59 Tarkovski Stalker
43%
104 Jackson Le Seigneur des anneaux : La Communauté de l'anneau
41%
10 Becker Le Trou
39%
70 Park Old Boy
39%
5 Kurosawa Barberousse
37%
36 Carné Les Enfants du paradis
37%
86 Bergman Persona
37%
77 Kurosawa Vivre
35%
32 Wilder Boulevard du crépuscule
33%
58 Melville L'Armée des ombres
33%
30 Klimov Requiem pour un massacre
33%
71 Donen / Kelly Chantons sous la pluie
31%
14 Kurosawa Entre le ciel et l'enfer
31%
81 De Palma L'Impasse
31%
15 Murnau L'Aurore
28%
65 Clouzot Les Diaboliques
28%
44 Mankiewicz Eve
26%
64 Laughton La Nuit du chasseur
26%
60 Clouzot La Vérité
26%
102 Resnais (documentaire) Nuit et brouillard
26%
43 Lubitsch To Be or Not to Be
26%
46 Tarkovski Andreï Roublev
24%
87 Keaton / Bruckman Le Mécano de la Générale
24%
35 Aster Midsommar (Director's Cut)
24%
108 Lanzmann (documentaire) Shoah
24%
33 Kalatozov Quand passent les cigognes
22%
31 Tarr Sátántangó
22%
27 Kalatozov Soy Cuba
22%
68 Kershner Star Wars, épisode V : L'Empire contre-attaque
22%
16 Kurosawa Dersou Ouzala
19%
103 Wilder La Garçonnière
19%
73 Dreyer Ordet
19%
18 Keaton Sherlock Junior
19%
61 Bergman Fanny et Alexandre
17%
106 Dreyer La Passion de Jeanne d'Arc
17%
11 Lumet Point limite
17%
76 Preminger Autopsie d'un meurtre
15%
101 Browning Freaks
15%
28 Teshigahara La Femme des sables
15%
88 Powell / Pressburger Les Chaussons rouges
15%
50 Mizoguchi L'Intendant Sansho
15%
91 Marker (documentaire) Sans soleil
15%
54 Mankiewicz Le Limier
13%
89 Kurosawa Les salauds dorment en paix
13%
19 al-Kateab / Watts (documentaire) Pour Sama
13%
98 Murnau Faust
11%
42 Ophüls (documentaire) Le Chagrin et la Pitié
11%
82 Scola Une journée particulière
11%
97 Reggio (documentaire) Koyaanisqatsi
9%
56 Vidor La Foule
9%
96 Ford L'Homme qui tua Liberty Valance
9%
40 Lubitsch Rendez-vous
9%
92 Lang Furie
7%
110 Lean La Fille de Ryan
7%
74 Marker / Lhomme (documentaire) Le Joli Mai
7%
99 Shindō Onibaba
7%
84 Walsh L'enfer est à lui
6%
85 Lang Les Nibelungen
6%
41 Kobayashi Rébellion
6%
69 Walsh Gentleman Jim
4%
94 Dreyer Jour de colère
4%
55 Lumet La Colline des hommes perdus
4%
83 Livingston (documentaire) Paris is Burning
4%
72 Rossif (documentaire) De Nuremberg à Nuremberg
2%
100 Aoyama Eureka
2%
93 Johnson (documentaire) La Bataille de Tchernobyl
2%
111 Herzog (documentaire) Leçons de ténèbres
2%
107 Keaton / Sedgwick L'Opérateur
2%
62 Scorsese (documentaire) Un voyage avec Martin Scorsese à travers le cinéma américain
2%
Aucun quiz correspondant
Distribution des résultats
% des personnes avec chaque résultat
Percentile par nombre de réponses
Votre historique - résultats
Vous n’avez pas pris ce quiz